000 01617nam2a2200253 4500
001 RU\NLR\BIBL_A\022613157
005 20251208155401.0
021 _aRU
_bКН-П-25-040423
_9КН-П-25-3937
035 _a(NLR Aleph) 022613157
090 _a13496444
_c13496444
100 _a20250902d2025 k y0rusy50 ca
101 0 _arus
_aeng
102 _aRU
105 _aa z 100yy
200 0 _aЧ. 3
210 _d2025
215 _a297 с.
_cил.
300 _aЧасть текста англ.
320 _aБиблиогр. в подстроч. примеч.
461 0 _1001RU\NLR\BIBL_A\022609446
_12001#$aТруды XVI Евразийского научного форума 12-13 декабря 2024 года, Санкт-Петербург$dScientific works of the XVI Eurasian scientific forum, December 12-13, 2024, [Saint-Petersburg]$eсборник статей$fУниверситет при Межпарламентской ассамблее ЕврАзЭС$zeng$vЧ. 3
_913496407
_aЕвразийский научный форум (16 ; 2024 ; Санкт-Петербург)
_cСанкт-Петербург
_d2025-
_fУниверситет при Межпарламентской ассамблее ЕврАзЭС
_lScientific works of the XVI Eurasian scientific forum, December 12-13, 2024, [Saint-Petersburg]
_nУниверситет при МПА ЕврАзЭС
_oсборник статей
_tТруды XVI Евразийского научного форума 12-13 декабря 2024 года, Санкт-Петербург
_vЧ. 3
942 _cBOOK
980 _aNB